000 nam a22 7a 4500
999 _c233551
_d233551
005 20170308170231.0
008 170308b xxu||||| |||| 00| 0 eng d
040 _c.
100 _aCanonsburg
245 _aAnsys , Inc , Licensing Guide
_cCanonsburg
300 _a118 p. ;
_c23 cm.
942 _2ddc
_cBK